00668nam a2200217Ia 4500003000900000008004100009040001600050080001700066100002800083245005500111250001200166260003700178300000900215650001600224650001900240650001800259700002400277942000700301999001500308952012700323IN-BaIIA211028s9999 xx 000 0 eng d cIIA Library a12:55.0bMUE aMuller, Conard G914280 0aLight and VisioncConard G Muller and Mae Rudolph  a2nd ed. aHong KongbTime-Life Booksc1983 a200p aLight92428 aNASA Thesaurus aVision914281 aRudolph, Mae914282 cBK c8523d8523 00102ddc4070aBANbBANcGENd1985-11-04g180.00l0o03:535.1/ MUEp9389r2021-11-05v180.00w1985-11-04yBKGRs. 180.00